Bankovní úvěry v zemědělské praxi

Bibliographic Details
Main Author: Patřičný, Václav (Author)
Format: Article
Language:Czech
Subjects:

MARC

LEADER 00000nab a2200000 a 4500
001 vtls000574005
003 SK-MaSNL
005 20260303013049.0
008 160201c1995 xo 0 cze
015 |a SNBRB19rr/mm-uuuuu 
035 |a CL0574143 
040 |a SNKBUCL  |b slo  |c SNKBUCL  |e AACR2 
041 0 |a cze 
044 |a xo  |c SK 
080 |a 631.16(437.1/.2):336.77  |2 1981 
080 |a 336.77  |2 1981 
100 1 |a Patřičný, Václav  |4 aut  |9 966448 
245 1 0 |a Bankovní úvěry v zemědělské praxi  |c Václav Patřičný 
300 |b Tab. 1 
650 0 7 |a poľnohospodárske podniky  |2 snkbucl  |9 4194 
650 0 7 |a úvery  |2 snkbucl  |9 2375 
650 0 7 |a Česká republika  |2 snkbucl  |9 894061 
655 7 |a články z novín a časopisov  |2 snkbucl  |9 267496 
773 0 |t Zahradnictví  |g Roč. 20, č. 12 (1995), s. 25-26  |x 1211-0922 
850 |a Slovenská národná knižnica v Martine  |a MTA001 
852 |a SNK  |b KIS3GCP 
958 |a RK 
958 |a CZ 
992 |a RBX 
999 |c 1600513  |d 1602443